[Event "Gibraltar ChallWk1 9th"]
[Site "Gibraltar"]
[Date "2011.01.28"]
[Round "5.17"]
[White "Gravett, Alan D"]
[Black "Carlsten, Peter"]
[Result "1/2-1/2"]
[WhiteElo "1869"]
[BlackElo "2110"]
[PlyCount "68"]
[EventDate "2011.01.24"]
[EventType "swiss"]
[EventRounds "5"]
[EventCountry "GGB"]
[SourceTitle "BritBase"]
[Source "www.saund.co.uk"]
[SourceDate "2018.02.10"]
[SourceVersion "1"]
[SourceVersionDate "2018.02.10"]
[SourceQuality "1"]

1. g3 f5 2. Bg2 Nf6 3. c4 g6 4. b3 Bg7 5. Bb2 O-O 6. Nf3 d6 7. d4 c6 8. O-O e5
9. dxe5 Ng4 10. Qc2 Nxe5 11. Nbd2 Qc7 12. Rad1 a5 13. a3 Na6 14. Nxe5 dxe5 15.
e4 f4 16. c5 Qe7 17. b4 Bg4 18. f3 Be6 19. Qc3 axb4 20. axb4 Nc7 21. Nc4 Nb5
22. Qc1 fxg3 23. hxg3 Bxc4 24. Qxc4+ Qf7 25. Qxf7+ Rxf7 26. Bh3 Re7 27. Ra1
Ree8 28. Rxa8 Rxa8 29. Rd1 Nd4 30. Bxd4 exd4 31. Rd3 Ra1+ 32. Kf2 Ra2+ 33. Kf1
Rb2 34. Rb3 Rxb3 1/2-1/2

[Event "Gibraltar ChallWk1 9th"]
[Site "Gibraltar"]
[Date "2011.01.28"]
[Round "5.18"]
[White "Annetts, Ivor S"]
[Black "Isherwood, Paul"]
[Result "0-1"]
[WhiteElo "1890"]
[BlackElo "2014"]
[PlyCount "98"]
[EventDate "2011.01.24"]
[EventType "swiss"]
[EventRounds "5"]
[EventCountry "GGB"]
[SourceTitle "BritBase"]
[Source "www.saund.co.uk"]
[SourceDate "2018.02.10"]
[SourceVersion "1"]
[SourceVersionDate "2018.02.10"]
[SourceQuality "1"]

1. e4 d6 2. d4 Nf6 3. Nc3 e5 4. dxe5 dxe5 5. Qxd8+ Kxd8 6. Bg5 c6 7. Bc4 Ke8 8.
Nf3 Nbd7 9. a3 Bd6 10. O-O-O Bc7 11. Nh4 g6 12. f3 h6 13. Be3 b5 14. Ba2 Ke7
15. g4 Bb6 16. Ng2 Bxe3+ 17. Nxe3 Nc5 18. h4 h5 19. g5 Nfd7 20. b4 Nb7 21. Kb2
a5 22. Ra1 Nb6 23. Bb3 Rd8 24. Rhd1 Be6 25. Rxd8 Rxd8 26. Rd1 axb4 27. axb4 Rd4
28. Na2 Nc4+ 29. Bxc4 Rxd1 30. Nxd1 Bxc4 31. Nc1 f6 32. gxf6+ Kxf6 33. Ne3 Nd6
34. Kc3 g5 35. Kd2 gxh4 36. Ne2 Kg5 37. Ke1 Bxe2 38. Kxe2 h3 39. Nf1 Kf4 40.
Kf2 Nc4 41. Ng3 h4 42. Ne2+ Kg5 43. c3 Nd2 44. Nc1 h2 45. Kg2 Nxf3 46. Nd3 h3+
47. Kh1 Kg4 48. Nc5 Kf4 49. Ne6+ Kxe4 0-1

[Event "Gibraltar ChallWk1 9th"]
[Site "Gibraltar"]
[Date "2011.01.28"]
[Round "5.20"]
[White "Knudsen, Jes West"]
[Black "Winkler, Stefan"]
[Result "1-0"]
[WhiteElo "2000"]
[BlackElo "1867"]
[PlyCount "75"]
[EventDate "2011.01.24"]
[EventType "swiss"]
[EventRounds "5"]
[EventCountry "GGB"]
[SourceTitle "BritBase"]
[Source "www.saund.co.uk"]
[SourceDate "2018.02.10"]
[SourceVersion "1"]
[SourceVersionDate "2018.02.10"]
[SourceQuality "1"]

1. e4 e6 2. Nf3 d5 3. Nc3 d4 4. Ne2 c5 5. b4 b6 6. bxc5 bxc5 7. Ng3 Ba6 8. d3
Nf6 9. Be2 Nc6 10. O-O Be7 11. Ne1 O-O 12. f4 Rb8 13. Nh1 Qa5 14. g4 c4 15. g5
Nxe4 16. dxe4 d3 17. cxd3 Bc5+ 18. Nf2 Bd4 19. Bd2 c3 20. Bc1 c2 21. Nxc2 Bxa1
22. Nxa1 Qxa2 23. Nc2 Rb1 24. Qd2 Qa4 25. Qc3 Rfb8 26. Be3 R1b2 27. Bd1 R8b3
28. Nd4 Rxc3 29. Bxa4 Nb4 30. Bb5 Bb7 31. Bc4 Nc2 32. Bc1 Rb1 33. Ne2 Rxc4 34.
dxc4 Rb4 35. Rd1 Kf8 36. Rd7 a5 37. Nd3 Rb3 38. Nc5 1-0

[Event "Gibraltar ChallWk1 9th"]
[Site "Gibraltar"]
[Date "2011.01.28"]
[Round "5.21"]
[White "Hegvik, Leif Trygve"]
[Black "Messam-Sparks, Lateefah"]
[Result "1/2-1/2"]
[WhiteElo "1814"]
[BlackElo "2062"]
[PlyCount "58"]
[EventDate "2011.01.24"]
[EventType "swiss"]
[EventRounds "5"]
[EventCountry "GGB"]
[SourceTitle "BritBase"]
[Source "www.saund.co.uk"]
[SourceDate "2018.02.10"]
[SourceVersion "1"]
[SourceVersionDate "2018.02.10"]
[SourceQuality "1"]

1. e4 c5 2. Nc3 e6 3. g3 Nc6 4. Bg2 Nf6 5. d3 Be7 6. f4 d5 7. e5 Nd7 8. Nf3 a6
9. O-O f6 10. exf6 Nxf6 11. Qe2 O-O 12. Bd2 Kh8 13. Be1 Qc7 14. Bf2 Ng4 15.
Rae1 Nxf2 16. Rxf2 Bf6 17. Kh1 Bd7 18. Nd1 Rfe8 19. Rff1 Rac8 20. c3 b5 21. Nf2
e5 22. Nxe5 Nxe5 23. fxe5 Rxe5 24. Qd1 Rxe1 25. Rxe1 Qd6 26. Qh5 Bc6 27. Ng4 g6
28. Qh6 d4 29. Nxf6 Bxg2+ 1/2-1/2

[Event "Gibraltar ChallWk1 9th"]
[Site "Gibraltar"]
[Date "2011.01.28"]
[Round "5.22"]
[White "Rough, Robert E"]
[Black "Wright, Jonathan"]
[Result "1-0"]
[WhiteElo "1742"]
[BlackElo "1895"]
[PlyCount "100"]
[EventDate "2011.01.24"]
[EventType "swiss"]
[EventRounds "5"]
[EventCountry "GGB"]
[SourceTitle "BritBase"]
[Source "www.saund.co.uk"]
[SourceDate "2018.02.10"]
[SourceVersion "1"]
[SourceVersionDate "2018.02.10"]
[SourceQuality "1"]

1. e4 d5 2. exd5 Nf6 3. d4 Nxd5 4. Nf3 g6 5. Be2 Bg7 6. O-O Nd7 7. c4 N5b6 8.
Nc3 Nf6 9. h3 O-O 10. Be3 c6 11. Qd2 Be6 12. b3 Re8 13. Rad1 a5 14. Ng5 Bc8 15.
Nf3 Bf5 16. Bd3 Bxd3 17. Qxd3 Nbd7 18. Rfe1 Qc7 19. Qd2 Rad8 20. Qc1 Nh5 21. g4
Nhf6 22. Bf4 Qc8 23. Kg2 h5 24. g5 Nh7 25. Qc2 Nhf8 26. Bg3 b5 27. h4 Nb6 28.
Ne2 b4 29. Ne5 Nbd7 30. Qe4 Nxe5 31. dxe5 e6 32. Nd4 c5 33. Nb5 Re7 34. Qf3
Rxd1 35. Rxd1 Qb7 36. Qxb7 Rxb7 37. Rd6 Rd7 38. f4 Rxd6 39. Nxd6 Nd7 40. Bf2
Bf8 41. Nb7 a4 42. bxa4 Nb6 43. a5 Nxc4 44. a6 Nb6 45. a7 Na8 46. Bxc5 Bxc5 47.
Nxc5 Kf8 48. Kf3 Ke7 49. Nd3 Kd7 50. Nxb4 Kc7 1-0

[Event "Gibraltar ChallWk1 9th"]
[Site "Gibraltar"]
[Date "2011.01.28"]
[Round "5.23"]
[White "Savage, Neil"]
[Black "Jorgensen, Line Jin"]
[Result "0-1"]
[WhiteElo "1682"]
[BlackElo "1892"]
[PlyCount "60"]
[EventDate "2011.01.24"]
[EventType "swiss"]
[EventRounds "5"]
[EventCountry "GGB"]
[SourceTitle "BritBase"]
[Source "www.saund.co.uk"]
[SourceDate "2018.02.10"]
[SourceVersion "1"]
[SourceVersionDate "2018.02.10"]
[SourceQuality "1"]

1. e4 c5 2. Nc3 e6 3. f4 Nc6 4. Nf3 d6 5. Bb5 Bd7 6. O-O g6 7. Bxc6 bxc6 8. d4
cxd4 9. Qxd4 Qb6 10. Be3 Qxd4 11. Bxd4 f6 12. Rad1 c5 13. Be3 Rb8 14. Rd2 Rxb2
15. Rfd1 Rb7 16. g4 Nh6 17. h3 f5 18. exf5 gxf5 19. g5 Nf7 20. Re2 Bg7 21. Bd2
O-O 22. h4 Bc6 23. Rf1 e5 24. h5 e4 25. Nh4 Bd4+ 26. Kh2 e3 27. Be1 Nd8 28. Nf3
Ne6 29. Nxd4 cxd4 30. Nd1 Bb5 0-1

[Event "Gibraltar ChallWk1 9th"]
[Site "Gibraltar"]
[Date "2011.01.28"]
[Round "5.24"]
[White "Haddock, Paul"]
[Black "Brookfield, Toby"]
[Result "0-1"]
[WhiteElo "1757"]
[BlackElo "1793"]
[PlyCount "46"]
[EventDate "2011.01.24"]
[EventType "swiss"]
[EventRounds "5"]
[EventCountry "GGB"]
[SourceTitle "BritBase"]
[Source "www.saund.co.uk"]
[SourceDate "2018.02.10"]
[SourceVersion "1"]
[SourceVersionDate "2018.02.10"]
[SourceQuality "1"]

1. e4 c5 2. Nf3 d6 3. d4 cxd4 4. Nxd4 Nf6 5. Nc3 g6 6. f3 Bg7 7. Be3 Nc6 8. Qd2
O-O 9. g4 Be6 10. Nxe6 fxe6 11. Bh6 Bxh6 12. Qxh6 Nd4 13. O-O-O Nxf3 14. h3 Rc8
15. e5 Nxe5 16. g5 Nh5 17. Qxf8+ Qxf8 18. Bb5 Qf4+ 19. Kb1 Qb4 20. a3 Qa5 21.
Be2 Ng3 22. Rhe1 Rxc3 23. bxc3 Nxe2 0-1

[Event "Gibraltar ChallWk2 9th"]
[Site "Gibraltar"]
[Date "2011.01.29"]
[Round "1.1"]
[White "Elishev, Ivan"]
[Black "Isherwood, Paul"]
[Result "1-0"]
[WhiteElo "2226"]
[BlackElo "2014"]
[PlyCount "67"]
[EventDate "2011.01.29"]
[EventType "swiss"]
[EventRounds "5"]
[EventCountry "GGB"]
[SourceTitle "BritBase"]
[Source "www.saund.co.uk"]
[SourceDate "2018.02.10"]
[SourceVersion "1"]
[SourceVersionDate "2018.02.10"]
[SourceQuality "1"]

1. e4 d6 2. d4 Nf6 3. Nc3 e5 4. Nf3 Nbd7 5. Bc4 Be7 6. O-O O-O 7. a4 c6 8. Qe2
b6 9. Rd1 Qc7 10. Bg5 h6 11. Bh4 Bb7 12. h3 a6 13. Bg3 b5 14. Ba2 b4 15. Nb1 c5
16. dxe5 Nxe5 17. Nbd2 Nxf3+ 18. Qxf3 Kh8 19. Qe2 Qc6 20. f3 a5 21. Bc4 Qb6 22.
Nf1 Rad8 23. Ne3 Nh5 24. Bh2 Bf6 25. g4 Bxb2 26. gxh5 d5 27. Bxd5 Ba6 28. Bc4
Bxc4 29. Nxc4 Qa6 30. Rab1 Bd4+ 31. Kh1 Rde8 32. Re1 f6 33. Nd6 c4 34. Qxc4 1-0

[Event "Gibraltar ChallWk2 9th"]
[Site "Gibraltar"]
[Date "2011.01.29"]
[Round "1.2"]
[White "Campbell, Ian"]
[Black "Zygouris, Hristos"]
[Result "1/2-1/2"]
[WhiteElo "2000"]
[BlackElo "2215"]
[PlyCount "125"]
[EventDate "2011.01.29"]
[EventType "swiss"]
[EventRounds "5"]
[EventCountry "GGB"]
[SourceTitle "BritBase"]
[Source "www.saund.co.uk"]
[SourceDate "2018.02.10"]
[SourceVersion "1"]
[SourceVersionDate "2018.02.10"]
[SourceQuality "1"]

1. d4 f5 2. e3 Nf6 3. f4 g6 4. Nf3 Bg7 5. Be2 O-O 6. O-O d6 7. c4 e6 8. Nc3 Qe7
9. Bd2 b6 10. Qb3 c5 11. Rad1 Bb7 12. Bc1 Ne4 13. dxc5 bxc5 14. Nxe4 fxe4 15.
Ng5 Bc6 16. Bg4 Rf6 17. Qc2 Na6 18. Nxe4 Bxe4 19. Qxe4 Nc7 20. b3 Rf7 21. Bf3
Rd8 22. Qb7 a6 23. Rd3 g5 24. g3 gxf4 25. exf4 Bd4+ 26. Kg2 Qf6 27. Qc6 Rg7 28.
Qe4 Rf8 29. Qe2 Kh8 30. Kh1 d5 31. cxd5 Nxd5 32. Bxd5 exd5 33. Re1 Qf5 34. Rdd1
a5 35. Bb2 Bxb2 36. Qxb2 d4 37. Qe2 a4 38. Qe5 Qg4 39. Rd3 axb3 40. axb3 Qg6
41. Red1 Qc6+ 42. Kg1 Re8 43. Qh5 Rge7 44. Qf3 Qb5 45. Qd5 Re3 46. Rxe3 dxe3
47. Re1 Qb4 48. Kf1 Qc3 49. Qc4 Qd2 50. Qe2 Qd4 51. Qh5 Qe4 52. Kg1 e2 53. Qxc5
Qd3 54. Qc4 Qe3+ 55. Kg2 Re7 56. Qc8+ Kg7 57. Qg4+ Kf8 58. Qf3 Qd2 59. Kf2 Qd4+
60. Kg2 Qd2 61. Kf2 Qd4+ 62. Kg2 Qd2 63. Qf2 1/2-1/2

[Event "Gibraltar ChallWk2 9th"]
[Site "Gibraltar"]
[Date "2011.01.29"]
[Round "1.3"]
[White "Vea, Odin Blikra"]
[Black "Knudsen, Jes West"]
[Result "1-0"]
[WhiteElo "2214"]
[BlackElo "2000"]
[PlyCount "77"]
[EventDate "2011.01.29"]
[EventType "swiss"]
[EventRounds "5"]
[EventCountry "GGB"]
[SourceTitle "BritBase"]
[Source "www.saund.co.uk"]
[SourceDate "2018.02.10"]
[SourceVersion "1"]
[SourceVersionDate "2018.02.10"]
[SourceQuality "1"]

1. e4 g6 2. d4 Bg7 3. Nc3 d6 4. Be3 a6 5. Be2 e6 6. Qd2 h5 7. O-O-O b5 8. f4
Ne7 9. Bf3 Bb7 10. Nh3 Nd7 11. d5 e5 12. g3 Nb6 13. b3 b4 14. Ne2 a5 15. fxe5
Bxe5 16. Bd4 Ba6 17. Nef4 Qd7 18. Ng5 Ng8 19. Qf2 Nh6 20. Nd3 Bxd3 21. Rxd3 Qe7
22. h4 a4 23. Kb1 Ng4 24. Bxg4 hxg4 25. Bxe5 dxe5 26. Rhd1 Nc8 27. Qe2 Qc5 28.
Qxg4 Qa7 29. Qe2 Nd6 30. Rf3 Rb8 31. Rdf1 O-O 32. h5 Nb5 33. hxg6 fxg6 34.
Rxf8+ Rxf8 35. Rxf8+ Kxf8 36. Qf1+ Ke8 37. Qf7+ Kd8 38. Ne6+ Kc8 39. Qe8+ 1-0

[Event "Gibraltar ChallWk2 9th"]
[Site "Gibraltar"]
[Date "2011.01.29"]
[Round "1.4"]
[White "Sommerhalder, Eric"]
[Black "Jaunooby, Ali R"]
[Result "0-1"]
[WhiteElo "2000"]
[BlackElo "2207"]
[PlyCount "54"]
[EventDate "2011.01.29"]
[EventType "swiss"]
[EventRounds "5"]
[EventCountry "GGB"]
[SourceTitle "BritBase"]
[Source "www.saund.co.uk"]
[SourceDate "2018.02.10"]
[SourceVersion "1"]
[SourceVersionDate "2018.02.10"]
[SourceQuality "1"]

1. e4 g6 2. d4 Bg7 3. Nc3 d6 4. f4 a6 5. Nf3 b5 6. Bd3 Bb7 7. Be3 Nd7 8. Qd2
Ngf6 9. h3 b4 10. Ne2 Bxe4 11. Ng3 Bxd3 12. Qxd3 Qb8 13. f5 Qb5 14. fxg6 hxg6
15. Qd2 Nb6 16. Bg5 c5 17. dxc5 Nc4 18. Qf4 Nd5 19. Qe4 Qxc5 20. Rd1 Ncb6 21.
Nd4 O-O 22. h4 Rac8 23. Ne6 fxe6 24. Qxe6+ Rf7 25. Ne4 Qc4 26. b3 Qb5 27. Qxg6
Nc3 0-1

[Event "Gibraltar ChallWk2 9th"]
[Site "Gibraltar"]
[Date "2011.01.29"]
[Round "1.6"]
[White "Phillips, Owen S"]
[Black "Urbina Perez, Juan Antonio"]
[Result "1/2-1/2"]
[WhiteElo "1992"]
[BlackElo "2189"]
[PlyCount "59"]
[EventDate "2011.01.29"]
[EventType "swiss"]
[EventRounds "5"]
[EventCountry "GGB"]
[SourceTitle "BritBase"]
[Source "www.saund.co.uk"]
[SourceDate "2018.02.10"]
[SourceVersion "1"]
[SourceVersionDate "2018.02.10"]
[SourceQuality "1"]

1. e4 c5 2. Nf3 d6 3. d4 cxd4 4. Nxd4 Nf6 5. Nc3 a6 6. Be2 e5 7. Nb3 Be7 8. Bg5
Be6 9. O-O Nbd7 10. Qd2 O-O 11. Rad1 Rc8 12. f3 Qc7 13. Bd3 h6 14. Bxh6 gxh6
15. Qxh6 Nh7 16. f4 f6 17. f5 Bxb3 18. axb3 Nb6 19. Rf3 Rf7 20. Rg3+ Kh8 21.
Qg6 Rcf8 22. Qh6 Rg8 23. Rg6 Rfg7 24. Kh1 Bf8 25. Qh5 Qf7 26. Na4 Nxa4 27. Bc4
Qc7 28. Bxg8 Kxg8 29. bxa4 Qxc2 30. Qg4 1/2-1/2

[Event "Gibraltar ChallWk2 9th"]
[Site "Gibraltar"]
[Date "2011.01.29"]
[Round "1.7"]
[White "Seyfried, Claus"]
[Black "Marder, Simon"]
[Result "1/2-1/2"]
[WhiteElo "2173"]
[BlackElo "1990"]
[PlyCount "96"]
[EventDate "2011.01.29"]
[EventType "swiss"]
[EventRounds "5"]
[EventCountry "GGB"]
[SourceTitle "BritBase"]
[Source "www.saund.co.uk"]
[SourceDate "2018.02.10"]
[SourceVersion "1"]
[SourceVersionDate "2018.02.10"]
[SourceQuality "1"]

1. e4 Nc6 2. Nf3 Nf6 3. d4 Nxe4 4. d5 Nb4 5. a3 Na6 6. Qd4 Nf6 7. Nc3 c5 8. Qh4
Nc7 9. Bc4 b5 10. Ba2 d6 11. Bg5 e5 12. dxe6 fxe6 13. O-O Be7 14. Bxf6 Bxf6 15.
Qh5+ g6 16. Qh6 Qe7 17. Rad1 Bxc3 18. bxc3 c4 19. Rfe1 Bd7 20. a4 a6 21. Qf4
Rf8 22. Qxd6 Qxd6 23. Rxd6 Ke7 24. Rd4 Rxf3 25. gxf3 Bc6 26. Bxc4 bxc4 27. Rxc4
Kd6 28. Rd1+ Nd5 29. Re4 Ke7 30. Rde1 Bd7 31. Rh4 Nf6 32. a5 Rc8 33. c4 Rc5 34.
Ra1 Bc6 35. Ra3 Rf5 36. Rh3 Kd6 37. Kf1 Kc5 38. Ke1 Nh5 39. Kd2 Kxc4 40. f4
Rd5+ 41. Kc1 Kc5 42. Rab3 Kd6 43. Rb6 Rxa5 44. Rc3 Rc5 45. Rd3+ Kc7 46. Rxa6
Nxf4 47. Re3 e5 48. Ra7+ Kd6 1/2-1/2

[Event "Gibraltar ChallWk2 9th"]
[Site "Gibraltar"]
[Date "2011.01.29"]
[Round "1.9"]
[White "Daoudi, Kamal"]
[Black "Hauge, Lars Oskar"]
[Result "1/2-1/2"]
[WhiteElo "2155"]
[BlackElo "1942"]
[PlyCount "108"]
[EventDate "2011.01.29"]
[EventType "swiss"]
[EventRounds "5"]
[EventCountry "GGB"]
[SourceTitle "BritBase"]
[Source "www.saund.co.uk"]
[SourceDate "2018.02.10"]
[SourceVersion "1"]
[SourceVersionDate "2018.02.10"]
[SourceQuality "1"]

1. e4 c5 2. Nf3 d6 3. d4 cxd4 4. Qxd4 Nc6 5. Bb5 Bd7 6. Bxc6 Bxc6 7. Nc3 e6 8.
Bg5 Nf6 9. O-O-O Be7 10. Rhe1 O-O 11. Qd2 Qc7 12. Nd4 Rfd8 13. f3 Rab8 14. g4
b5 15. Nce2 a5 16. Ng3 Be8 17. Nh5 Nxh5 18. gxh5 Qd7 19. Rg1 f6 20. Bh6 g6 21.
f4 f5 22. exf5 exf5 23. Nc6 Qxc6 24. Qd4 Bf8 25. Bxf8 Rb7 26. Bh6 Rc8 27. Rd2
Qc5 28. hxg6 hxg6 29. Bg5 Rbc7 30. Rgg2 Qxd4 31. Rxd4 Bc6 32. Rg3 Be4 33. c3 d5
34. Bf6 Rh7 35. h4 Kf7 36. Bg5 Rc4 37. b3 Rxd4 38. cxd4 Ke6 39. Rc3 Kd6 40. Bf6
Rb7 41. Rg3 Rc7+ 42. Kd1 Rc2 43. a3 Rg2 44. Rc3 Rg1+ 45. Ke2 Rg2+ 46. Kf1 Rc2
47. Rg3 Rc1+ 48. Kf2 Rc2+ 49. Ke1 Rg2 50. Be5+ Kd7 51. Rg5 Rxg5 52. fxg5 Bc2
53. b4 axb4 54. axb4 Ke6 1/2-1/2

[Event "Gibraltar ChallWk2 9th"]
[Site "Gibraltar"]
[Date "2011.01.29"]
[Round "1.10"]
[White "Dennis, Nigel W"]
[Black "Severijnen, Arjon"]
[Result "0-1"]
[WhiteElo "1935"]
[BlackElo "2152"]
[PlyCount "102"]
[EventDate "2011.01.29"]
[EventType "swiss"]
[EventRounds "5"]
[EventCountry "GGB"]
[SourceTitle "BritBase"]
[Source "www.saund.co.uk"]
[SourceDate "2018.02.10"]
[SourceVersion "1"]
[SourceVersionDate "2018.02.10"]
[SourceQuality "1"]

1. e4 c5 2. Nf3 Nc6 3. d4 cxd4 4. Nxd4 Nf6 5. Nc3 e6 6. Nxc6 bxc6 7. e5 Nd5 8.
Nxd5 cxd5 9. Bd3 d6 10. Bf4 dxe5 11. Bxe5 Qg5 12. Bg3 Bc5 13. Bb5+ Bd7 14.
Bxd7+ Kxd7 15. c4 Ke7 16. cxd5 Rhd8 17. O-O Rxd5 18. Qb3 Rad8 19. Rad1 Bd4 20.
Rc1 e5 21. Rc7+ Kf8 22. Qb7 Qf6 23. Rc8 Qb6 24. Qxb6 axb6 25. Rxd8+ Rxd8 26. b3
Rc8 27. a4 Rc2 28. Rb1 Ra2 29. Kf1 Ke7 30. f3 Kd6 31. Be1 f5 32. h4 h5 33. Rd1
Kc5 34. Rd2 Ra1 35. Ke2 Rxe1+ 36. Kxe1 Bc3 37. Ke2 Bxd2 38. Kxd2 Kb4 39. Kc2 e4
40. f4 e3 41. Kd3 Kxb3 42. Kxe3 Kxa4 43. Kd3 b5 44. Kc2 Kb4 45. Kb2 Kc4 46. Kc2
Kd4 47. Kb3 Ke4 48. Kb4 Kxf4 49. Kxb5 Kg3 50. Kc4 Kxg2 51. Kd3 f4 0-1

[Event "Gibraltar ChallWk2 9th"]
[Site "Gibraltar"]
[Date "2011.01.29"]
[Round "1.11"]
[White "Kandic, Milan"]
[Black "Gravett, Alan D"]
[Result "1-0"]
[WhiteElo "2143"]
[BlackElo "1869"]
[PlyCount "47"]
[EventDate "2011.01.29"]
[EventType "swiss"]
[EventRounds "5"]
[EventCountry "GGB"]
[SourceTitle "BritBase"]
[Source "www.saund.co.uk"]
[SourceDate "2018.02.10"]
[SourceVersion "1"]
[SourceVersionDate "2018.02.10"]
[SourceQuality "1"]

1. e4 c5 2. Nf3 d6 3. d4 cxd4 4. Nxd4 Nf6 5. Nc3 a6 6. Bc4 e6 7. Bb3 Be7 8. Be3
O-O 9. O-O Bd7 10. f4 h5 11. h3 Qc7 12. Qe2 Nc6 13. f5 Nxd4 14. Bxd4 e5 15. Be3
Rac8 16. Kh1 Bc6 17. Bg5 h4 18. Bxh4 Nxe4 19. Nxe4 Bxh4 20. Qg4 Bxe4 21. Qxh4
Qc6 22. Qg5 d5 23. f6 Bg6 24. h4 1-0

[Event "Gibraltar ChallWk2 9th"]
[Site "Gibraltar"]
[Date "2011.01.29"]
[Round "1.13"]
[White "Siegmund, Rainer"]
[Black "Helin, Mikael"]
[Result "1/2-1/2"]
[WhiteElo "2133"]
[BlackElo "1914"]
[PlyCount "62"]
[EventDate "2011.01.29"]
[EventType "swiss"]
[EventRounds "5"]
[EventCountry "GGB"]
[SourceTitle "BritBase"]
[Source "www.saund.co.uk"]
[SourceDate "2018.02.10"]
[SourceVersion "1"]
[SourceVersionDate "2018.02.10"]
[SourceQuality "1"]

1. d4 d5 2. c4 Nc6 3. cxd5 Qxd5 4. e3 e5 5. Nc3 Bb4 6. Bd2 Bxc3 7. bxc3 Qd6 8.
Bd3 Nf6 9. Ne2 Bg4 10. f3 Bh5 11. Ng3 Bg6 12. Nf5 Qd7 13. Qc2 O-O 14. O-O Rfe8
15. Rad1 a5 16. Be1 exd4 17. exd4 Nd5 18. Bd2 Re6 19. Be4 Rae8 20. Rde1 Kh8 21.
Ng3 Nb6 22. Bxg6 hxg6 23. Ne4 Qd8 24. Nc5 R6e7 25. Re4 f5 26. Rxe7 Rxe7 27. Re1
Nc4 28. Rxe7 Nxe7 29. Bf4 Nc6 30. Qf2 b5 31. Nb3 b4 1/2-1/2

[Event "Gibraltar ChallWk2 9th"]
[Site "Gibraltar"]
[Date "2011.01.29"]
[Round "1.14"]
[White "Georgieva, Emilia"]
[Black "Lada, Ireneusz"]
[Result "1-0"]
[WhiteElo "1907"]
[BlackElo "2130"]
[PlyCount "97"]
[EventDate "2011.01.29"]
[EventType "swiss"]
[EventRounds "5"]
[EventCountry "GGB"]
[SourceTitle "BritBase"]
[Source "www.saund.co.uk"]
[SourceDate "2018.02.10"]
[SourceVersion "1"]
[SourceVersionDate "2018.02.10"]
[SourceQuality "1"]

1. d4 d6 2. Nf3 g6 3. c3 Bg7 4. Bg5 Nf6 5. Nbd2 h6 6. Bxf6 exf6 7. e3 O-O 8.
Bd3 f5 9. Qb3 Nc6 10. O-O Ne7 11. e4 fxe4 12. Bxe4 c6 13. Rfe1 Qc7 14. a3 Be6
15. Qc2 Rae8 16. Re2 Nd5 17. g3 Bg4 18. Rae1 Nf6 19. Bd3 Rxe2 20. Rxe2 h5 21.
Re1 Qd7 22. Nh4 Re8 23. Qb1 Bh6 24. Nf1 Bg5 25. Ng2 Bf3 26. Rxe8+ Qxe8 27. Ne1
Be2 28. Ng2 d5 29. b4 b6 30. a4 Bf3 31. b5 cxb5 32. Bxb5 Qc8 33. Qb3 Qe6 34.
Qb1 Be4 35. Bd3 Qc6 36. f4 Bh6 37. Qc2 Bxd3 38. Qxd3 Ne4 39. Qa6 Nxc3 40. Qxa7
Bg7 41. a5 Bxd4+ 42. Nfe3 Qe6 43. Qb8+ Kg7 44. a6 Bxe3+ 45. Nxe3 Qxe3+ 46. Kg2
Qe4+ 47. Kh3 Qf3 48. Qe5+ Kh6 49. Qh8# 1-0

[Event "Gibraltar ChallWk2 9th"]
[Site "Gibraltar"]
[Date "2011.01.29"]
[Round "1.16"]
[White "Wright, Jonathan"]
[Black "Carlsten, Peter"]
[Result "0-1"]
[WhiteElo "1895"]
[BlackElo "2110"]
[PlyCount "70"]
[EventDate "2011.01.29"]
[EventType "swiss"]
[EventRounds "5"]
[EventCountry "GGB"]
[SourceTitle "BritBase"]
[Source "www.saund.co.uk"]
[SourceDate "2018.02.10"]
[SourceVersion "1"]
[SourceVersionDate "2018.02.10"]
[SourceQuality "1"]

1. e4 c5 2. Nc3 Nc6 3. g3 g6 4. Nge2 Bg7 5. Bg2 d6 6. d3 Nf6 7. Be3 Ng4 8. Qd2
Nxe3 9. fxe3 Ne5 10. O-O O-O 11. Nd5 Rb8 12. c3 g5 13. c4 a6 14. a4 b6 15. Rac1
h6 16. d4 e6 17. dxe5 exd5 18. exd5 Bxe5 19. Nc3 Bd7 20. Rf2 b5 21. Rcf1 bxc4
22. Qe2 Kg7 23. g4 Qa5 24. Be4 Bxc3 25. bxc3 Qxc3 26. Bf5 Bxa4 27. h4 f6 28. h5
Qe5 29. Qa2 Bb5 30. Qc2 Be8 31. Rb1 Rxb1+ 32. Qxb1 Qxd5 33. Be4 Qe6 34. Qb7+
Rf7 35. Qb1 Re7 0-1

[Event "Gibraltar ChallWk2 9th"]
[Site "Gibraltar"]
[Date "2011.01.29"]
[Round "1.17"]
[White "Dasaolu, Adeoye"]
[Black "Jorgensen, Line Jin"]
[Result "1-0"]
[WhiteElo "2107"]
[BlackElo "1892"]
[PlyCount "91"]
[EventDate "2011.01.29"]
[EventType "swiss"]
[EventRounds "5"]
[EventCountry "GGB"]
[SourceTitle "BritBase"]
[Source "www.saund.co.uk"]
[SourceDate "2018.02.10"]
[SourceVersion "1"]
[SourceVersionDate "2018.02.10"]
[SourceQuality "1"]

1. Nf3 d5 2. d4 Nf6 3. c4 e6 4. g3 c6 5. Qc2 Bd6 6. Bg2 Nbd7 7. O-O O-O 8. Rd1
Ne4 9. Bf4 Bxf4 10. gxf4 f5 11. Nbd2 Ndf6 12. Ne5 Bd7 13. Qb3 Qb6 14. c5 Qxb3
15. Nxb3 Rad8 16. f3 Nh5 17. fxe4 Nxf4 18. exd5 Nxg2 19. Kxg2 exd5 20. h4 f4
21. Kf2 Bf5 22. Rg1 Rde8 23. Nd2 Re7 24. b4 Rf6 25. a4 Rh6 26. Ndf3 Be4 27. Rg4
Rf6 28. b5 h6 29. Ra2 Kh7 30. Rb2 cxb5 31. axb5 a6 32. b6 Rf8 33. c6 Rc8 34. c7
a5 35. Rxf4 a4 36. Ra2 Re6 37. Nd7 Kg8 38. Rxa4 Bxf3 39. Rxf3 Rd6 40. Ra7 Rxd7
41. Rxb7 Re7 42. Rc3 Rf8+ 43. Ke1 Rfe8 44. Rc2 Rc8 45. Rb8 Ree8 46. Rxc8 1-0

[Event "Gibraltar ChallWk2 9th"]
[Site "Gibraltar"]
[Date "2011.01.29"]
[Round "1.19"]
[White "Livesey, R Nigel"]
[Black "Tari, Aryan"]
[Result "0-1"]
[WhiteElo "1880"]
[BlackElo "2097"]
[PlyCount "62"]
[EventDate "2011.01.29"]
[EventType "swiss"]
[EventRounds "5"]
[EventCountry "GGB"]
[SourceTitle "BritBase"]
[Source "www.saund.co.uk"]
[SourceDate "2018.02.10"]
[SourceVersion "1"]
[SourceVersionDate "2018.02.10"]
[SourceQuality "1"]

1. c4 c5 2. Nc3 Nf6 3. g3 g6 4. Bg2 Bg7 5. e4 Nc6 6. Nge2 O-O 7. O-O d6 8. d3
a6 9. h3 Nd4 10. Nxd4 cxd4 11. Ne2 Nd7 12. b4 Rb8 13. Bb2 e5 14. f4 b5 15. cxb5
axb5 16. f5 Nb6 17. fxg6 hxg6 18. Bc1 Be6 19. Bd2 Qd7 20. Kh2 Rfc8 21. Nc1 Qc6
22. Rf2 Qc2 23. Bf3 Qb2 24. Nb3 Rc2 25. Rc1 Rbc8 26. Rxc2 Rxc2 27. Na1 Rc8 28.
Be1 Qc1 29. Nb3 Bxb3 30. axb3 Qxd1 31. Bxd1 Rc1 0-1